<?xml version='1.0' encoding='UTF-8'?>
  <record xmlns="http://www.loc.gov/MARC21/slim">
    <leader>00000cam a22000007i 4500</leader>
    <controlfield tag="001">ocm67928649</controlfield>
    <controlfield tag="003">OCoLC</controlfield>
    <controlfield tag="005">20250712164355.2</controlfield>
    <controlfield tag="008">990125s1871    it            000 0 ita d</controlfield>
    <datafield tag="040" ind1=" " ind2=" ">
      <subfield code="a">NLGGC</subfield>
      <subfield code="b">dut</subfield>
      <subfield code="e">fobidrtb</subfield>
      <subfield code="c">NLGGC</subfield>
      <subfield code="d">OCLCL</subfield>
      <subfield code="d">OCLCQ</subfield>
    </datafield>
    <datafield tag="029" ind1="0" ind2=" ">
      <subfield code="a">NLGGC</subfield>
      <subfield code="b">177188561</subfield>
    </datafield>
    <datafield tag="035" ind1=" " ind2=" ">
      <subfield code="a">(OCoLC)67928649</subfield>
    </datafield>
    <datafield tag="100" ind1="1" ind2=" ">
      <subfield code="a">Vallada, Domenico,</subfield>
      <subfield code="d">1822-1888.</subfield>
    </datafield>
    <datafield tag="245" ind1="1" ind2="0">
      <subfield code="a">Cenno storico dell'epizoozia vaiuolosa ovina insorta a Napoli nel 1870-71 e considerazioni sul vaiuolo pecorino e sugli innesti stati finora tentati per impedire od alleviare i gravi danni che ei suole arrecare alle greggie nelle sue spontanee irruzioni e particolarmente della vaccinazione e vaiuolizzazione ovina /</subfield>
      <subfield code="c">pel ... cav. Vallada.</subfield>
    </datafield>
    <datafield tag="260" ind1=" " ind2=" ">
      <subfield code="a">Napoli :</subfield>
      <subfield code="b">Tipografia di Antonio Cons,</subfield>
      <subfield code="c">1871.</subfield>
    </datafield>
    <datafield tag="300" ind1=" " ind2=" ">
      <subfield code="a">43 p. ;</subfield>
      <subfield code="c">26 cm.</subfield>
    </datafield>
    <datafield tag="336" ind1=" " ind2=" ">
      <subfield code="a">tekst</subfield>
      <subfield code="b">txt</subfield>
      <subfield code="2">rdacontent/dut</subfield>
    </datafield>
    <datafield tag="337" ind1=" " ind2=" ">
      <subfield code="a">zonder medium</subfield>
      <subfield code="b">n</subfield>
      <subfield code="2">rdamedia/dut</subfield>
    </datafield>
    <datafield tag="338" ind1=" " ind2=" ">
      <subfield code="a">band</subfield>
      <subfield code="b">nc</subfield>
      <subfield code="2">rdacarrier/dut</subfield>
    </datafield>
    <datafield tag="530" ind1=" " ind2=" ">
      <subfield code="a">Ook beschikbaar in microvorm.</subfield>
    </datafield>
    <datafield tag="758" ind1=" " ind2=" ">
      <subfield code="a">Cenno storico dell'epizoozia vaiuolosa ovina insorta a Napoli nel 1870-71 e considerazioni sul vaiuolo pecorino e sugli innesti stati finora tentati per impedire od alleviare i gravi danni che ei suole arrecare alle greggie nelle sue spontanee irruzioni e particolarmente della vaccinazione e vaiuolizzazione ovina (Text)</subfield>
      <subfield code="1">https://id.oclc.org/worldcat/entity/E39PD3dVWBdCfMbYPc8HpMVjqP</subfield>
      <subfield code="4">https://id.oclc.org/worldcat/ontology/hasWork</subfield>
    </datafield>
    <datafield tag="936" ind1=" " ind2=" ">
      <subfield code="a">BATCHLOAD</subfield>
    </datafield>
  </record>